LEADER 01595nam0 2200373 i 450 001 SUN0104103 005 20151217122242.234 010 $a8-3-319-12171-0$d0.00 017 70$2N$a978-3-319-12172-7 100 $a20151209d2014 |0engc50 ba 101 $aeng 102 $aCH 105 $a|||| ||||| 200 1 $a*Stochastic processes-Inference theory$fMalempati M. Rao 205 $a2. ed 210 $aCham$cSpringer$d2014 215 $aXVII, 669 p.$d24 cm 410 1$1001SUN0030486$12001 $a*Springer monographs in mathematics$1210 $aBerlin$cSpringer$d1989-. 606 $a60Hxx$xStochastic analysis [MSC 2020]$2MF$3SUNC019765 606 $a60J25$xContinuous-time Markov processes on general state spaces [MSC 2020]$2MF$3SUNC019839 606 $a60Gxx$xStochastic processes [MSC 2020]$2MF$3SUNC020000 606 $a62Mxx$xInference from stochastic processes [MSC 2020]$2MF$3SUNC020002 606 $a62J02$xGeneral nonlinear regression [MSC 2020]$2MF$3SUNC021211 620 $aCH$dCham$3SUNL001889 700 1$aRao$b, Malempati M.$3SUNV041925$0726217 712 $aSpringer$3SUNV000178$4650 790 1$aRao, Malempati Madhusudana$zRao, Malempati M.$3SUNV061178 790 1$aRao, M. M.$zRao, Malempati M.$3SUNV061180 801 $aIT$bSOL$c20200921$gRICA 856 4 $uhttp://dx.doi.org/10.1007/978-3-319-12172-7 912 $aSUN0104103 950 $aBIBLIOTECA CENTRO DI SERVIZIO SBA$d15CONS SBA EBOOK 4472 $e15EB 4472 20191106 996 $aStochastic processes-Inference theory$91409928 997 $aUNICAMPANIA LEADER 01818nam 2200385Ia 450 001 996397098003316 005 20221108052114.0 035 $a(CKB)4940000000061159 035 $a(EEBO)2248537756 035 $a(OCoLC)9920383700971 035 $a(EXLCZ)994940000000061159 100 $a19910711d1626 uy | 101 0 $aeng 135 $aurbn||||a|bb| 200 10$aHorologiographia, the art of dialling$b[electronic resource] $eteaching an easie and perfect way to make all kinds of dials vpon any plaine plat howsoeuer placed, with the drawing of the twelue signes, and houres vnequall in them all : whereunto is annexed the making and vse of other dials and instruments, whereby the houre of the day and night is knowne : of speciall vse and delight, not only for students of the arts mathematicall, but also for diuers artificers, architects, surueyours of buildings, free-masons and others /$fby Thomas Fale 210 $aImprinted at London $cBy Felix Kyngston, and are to be sold by Robert Allott, at the signe of the Grey-hound in Paules Church-yard$d1626 215 $a[8], 60 [i.e. 120], [31] p. $cill 300 $aSignatures: A-Q? (R)? R-T?. 300 $aPages numbered consecutively on recto only. 300 $aNumerous errors in paging. 300 $aImperfect: tightly bound with slight loss of print. 300 $aReproduction of original in the University of Aberdeen Library. 330 $aeebo-0003 606 $aSundials$vEarly works to 1800 606 $aDialing$vEarly works to 1800 615 0$aSundials 615 0$aDialing 700 $aFale$b Thomas$ffl. 1604.$01002165 801 0$bEBL 801 1$bEBL 801 2$bWaOLN 906 $aBOOK 912 $a996397098003316 996 $aHorologiographia, the art of dialling$92394453 997 $aUNISA